Vegetables Sudden Death - Statistics

General Stats
  • This quiz has been taken 35 times
  • The average score is 7 of 10
Answers on the Grid
Answers color-coded by a green-red scale on the quiz's grid according to % correct below.
Pumpkin
Pomegranate
Artichoke
Brussel Sprouts
Mushrooms
Boysenberry
Huckleberry
Yam
Carambola
Taro
Sweet Peppers
Dragon Fruit
Okra
Blood Orange
Prickly Pear
Lima Beans
Jack Fruit
Lemon
Kiwi
Butternut Squash
 
Answer Stats
Answer % Correct
Brussel Sprouts
87%
Okra
83%
Artichoke
80%
Pumpkin
80%
Butternut Squash
77%
Sweet Peppers
77%
Yam
77%
Lima Beans
67%
Mushrooms
53%
Taro
53%
No matching quizzes found
Score Distribution
Percent of People with Each Score
Percentile by Number Answered
Your Score History
You have not taken this quiz